000 00576nam a22001937a 4500
005 20140812144836.0
010 _aENG-110367
020 _a9789350622629
_c325.00
035 _aEN-93899
037 _bDBAD/PUB
082 _a658.45
100 _aRao, P. L.
245 _aOrganisational communication /
_cby P. L. Rao
260 _aNew Delhi
_bExcel Books
_c2013
270 _aA-45, Naraina, Phase I
_bNew Delhi
_e110028
300 _ax,422p. :
_c24cm(pbk)
_bill.
500 _aIncludes bibliographical references and index
942 _2ddc
_cEN
_mRAO
_h658.45
999 _c86388
_d86388